| 000 | 00875nam a2200265 a 4500 | ||
|---|---|---|---|
| 001 | 1115158 | ||
| 003 | NUST - PNEC | ||
| 005 | 20170116181042.0 | ||
| 008 | 930706s1992 enka 001 0 eng d | ||
| 010 | _a 93174235 | ||
| 015 | _aGB94-5346 | ||
| 020 | _a0582097290 | ||
| 040 | _cLIBRARY | ||
| 082 | 0 | 0 | _a629.8 BOL |
| 100 | 1 |
_aBolton, W. _q(William), _d1933- |
|
| 245 | 1 | 0 |
_aControl engineering / _cW. Bolton. |
| 260 |
_aHarlow, Essex, England : _bLongman Scientific & Technical ; _aNew York : _bWiley, _c1992. |
||
| 300 |
_avii, 327 p. : _bill. ; _c25 cm. |
||
| 500 | _aWith answers to problems. | ||
| 500 | _aIncludes index. | ||
| 650 | 0 |
_aAutomatic control. _xME |
|
| 906 |
_a7 _bcbc _ccopycat _d3 _encip _f19 _gy-gencatlg |
||
| 942 |
_2ddc _cBK |
||
| 999 |
_c68134 _d68134 |
||